000 01047nam a22003970a 4500
001 PT51170
003 AR-LpoUNG
005 20210131231408.0
008 191001s2010||||ag |||||||||||||||||spa d
020 _a9789876291286
_c$8,76
040 _aAR-LpoUNG
_bspa
_cAR-LpoUNG
_eaacr
041 _aspa
044 _aag
082 0 _a982.04 811his
100 1 _aHora, Roy
245 1 0 _aHistoria económica de la Argentina en el siglo XIX
250 _a1ª ed.
260 _aBuenos Aires :
_bSiglo Veintiuno,
_c2010.
300 _a269 p. :
_bgráfs., tbls., fot., mapa
650 4 _aAGROINDUSTRIA
650 4 _aANALISIS HISTORICO
650 4 _aARGENTINA
650 4 _aCAMBIO SOCIAL
650 4 _aCOLONIALISMO
650 4 _aCOMERCIO AGRICOLA
650 4 _aCOMERCIO INTERNACIONAL
650 4 _aCRISIS POLITICA
650 4 _aENSAYO
650 4 _aHISTORIA ECONOMICA
650 4 _aINDEPENDENCIA
650 4 _aMERCADO INTERNO
651 4 _aArgentina
700 1 _aRomero, Luis Alberto
_edir.
905 _a51170
942 _cLIB
999 _c9808
_d9808